000 00994nam a2200229Ia 4500
001 282.082 092-BER al ma (16301)
003 IT-MiSPE
008 171229s9999||||xx |||||||||||||| ||und||
040 _aIT-MiSPE
_cIT-MiSPE
041 _aITALIANO
100 _aAldo Bergamaschi
245 0 _aMazzolari fra storia e Vangelo
250 _a1a ed. (v)
260 _aVerona
_bMorelli
_c1987
300 _a210 p.
_c24 cm
500 _aMazzolari, Primo
501 _aEdizioni San Paolo srl - Piazza Soncino, 5 - 20092 CINISELLO BALSAMO (MI) (non commercial uses only) ® Copyright 2018
520 _aIll.
942 _cBK
957 _71
999 _a2681
_bNO
_g Copie: 1
_c348875
_d348875